000
00271nam a22001217a 4500
008
170912b xxu||||| |||| 00| 0 eng d
041
_a
eng
080
_a
53
100
_a
43
101
_a
43
245
_a
TEACHER EDUCATION IN PHYSICS
_c
MELTZER.D.E
942
_2
udc
_c
BK
999
_c
27313
_d
27313